MARC

LEADER 00000nam0a2200000 4500
001 116879
005 20231031123440.0
035 |a (RuTPU)RU\TPU\book\126482 
035 |a RU\TPU\book\126473 
090 |a 116879 
100 |a 20070529d1990 k y0rusy50 ca 
101 0 |a rus 
102 |a RU 
105 |a a b 000zy 
200 1 |a Силовые полупроводниковые диоды  |e сводный отраслевой каталог  |f Всесоюзный научно-исследовательский институт информации и технико-экономических исследований в электротехнике (Информэлектро); сост. Н. Н. Крюкова; Л. В. Куликова; М. Ю. Лебедева; О. М. Хальзова; Е. М. Егорова 
210 |a Москва  |c Информэлектро  |d 1990 
215 |a 64 с.  |c ил. 
610 1 |a каталоги 
610 1 |a назначение 
610 1 |a габаритные размеры 
610 1 |a технические характеристики 
610 1 |a предприятия-изготовители 
610 1 |a полупроводниковые диоды 
610 1 |a диоды 
610 1 |a силовые диоды 
675 |a 621.382.2(085)  |v 3 
702 1 |a Крюкова  |b Н. Н.  |4 220 
702 1 |a Куликова  |b Л. В.   |4 220 
702 1 |a Лебедева  |b М. Ю.  |4 220 
702 1 |a Хальзова  |b О. М.  |4 220 
702 1 |a Егорова  |b Е. М.  |4 220 
712 0 2 |a Всесоюзный научно-исследовательский институт информации и технико-экономических исследований в электротехнике (Информэлектро)  |2 stltpush  |3 (RuTPU)RU\TPU\col\10404 
801 1 |a RU  |b 63413507  |c 20070515  |g PSBO 
801 2 |a RU  |b 63413507  |c 20070529  |g PSBO 
942 |c BK